Stade de Ligue des Champions - Statistiques

Statistiques générales
  • Ce quiz a été pris 250 fois
  • Le résultat moyen est 22 sur 31
Statistiques - réponses
Stade Capacité Clubs % Correct
Camp Nou 99 354 Barcelone
100%
San Siro 75 817 Inter/AC Milan
99%
Vélordrome 67 394 Olympique de Marseille
99%
Santiago Bernabeu 84 044 Real Madrid
99%
Allianz Arena 75 025 Bayern Munich
98%
Anfield 54 074 Liverpool
96%
Etihad Stadium 55 017 Manchester City
96%
Parc des Princes 47 929 Paris Saint Germain
96%
Johan Cruyff Arena 55 500 Ajax Amsterdam
93%
Hotspur Stadium 62 850 Tottenham
93%
Stamford Bridge 40 341 Chelsea
92%
Signal Iduna Park 81 365 Dortmund
92%
Diego Armando Maradona 54 726 Naples
92%
Celtic Park 60 857 Celtic
91%
Red Bull Arena 47 069 Leipzig
89%
Civitas Metropolitano 68 456 Atlético Madrid
85%
Red Bull Arena 30 188 Salzbourg
76%
Stade de la Luz 64 642 Benfica
75%
Stade du Dragon 50 033 Porto
73%
Ramon Sanchez Pizjuan 43 883 Seville
67%
BayArena 30 210 Bayer Leverkusen
61%
Ibrox Stadium 50 987 Rangers
52%
Deutsche Bank Park 51 500 Eintracht Francfort
51%
Allianz Stadium 41 507 Juventus
51%
Donbass Arena 51 504 Chakhtar
48%
José Alvalad XXI 50 076 Sporting Portugal
44%
Jan Breydel 29 042 Bruges
34%
Maksimir 35 123 Dynamo Zagreb
25%
Sammy-Ofer 30 858 Maccabi Haïfa
22%
Parken Stadium 38 065 Copenhague
21%
Doosan Arena 11 700 Viktoria Plzen
15%
Aucun quiz correspondant
Distribution des résultats
% des personnes avec chaque résultat
Percentile par nombre de réponses
Votre historique - résultats
Vous n’avez pas pris ce quiz